000 00408nam a2200181Ia 4500
008 221030s9999 xx 000 0 und d
020 _a0070585121
041 _aEnglish
082 _a105.23
_bHaa
100 _aS. Haag
245 0 _aManagement Information System
250 _a4th
260 _bTMH
_aNew Delhi
_c2003
300 _a550
650 _aMBA Computers
700 _aM. Cumming
942 _cBK
999 _c1963
_d1963